5HLuxD.jpg

KING HENRY VIII SENIOR AND PRIMARY SCHOOL LIBRARY OPAC

The forbidden / (Record no. 1144)

000 -LEADER
fixed length control field 01673pam a2200265 a 4500
001 - CONTROL NUMBER
control field 019315374
003 - CONTROL NUMBER IDENTIFIER
control field UkOxU
005 - DATE AND TIME OF LATEST TRANSACTION
control field 20211206110027.0
008 - FIXED-LENGTH DATA ELEMENTS--GENERAL INFORMATION
fixed length control field 120207s2012 enk 000 1 eng d
015 ## - NATIONAL BIBLIOGRAPHY NUMBER
National bibliography number GBB214658
Source bnb
020 ## - INTERNATIONAL STANDARD BOOK NUMBER
International Standard Book Number 9780230760806 (hbk.) :
020 ## - INTERNATIONAL STANDARD BOOK NUMBER
International Standard Book Number 0230760805 (hbk.) :
035 ## - SYSTEM CONTROL NUMBER
System control number (Uk)016030276
040 ## - CATALOGING SOURCE
Original cataloging agency StDuBDS
Language of cataloging eng
Transcribing agency StDuBDS
Modifying agency Uk
042 ## - AUTHENTICATION CODE
Authentication code ukblcatcopy
082 ## - DEWEY DECIMAL CLASSIFICATION NUMBER
Classification number FIC TAL
100 1# - MAIN ENTRY--PERSONAL NAME
Personal name Tallis, Frank.
Relator term author
245 14 - TITLE STATEMENT
Title The forbidden /
Statement of responsibility, etc. F.R. Tallis.
260 ## - PUBLICATION, DISTRIBUTION, ETC.
Place of publication, distribution, etc. London :
Name of publisher, distributor, etc. Macmillan,
Date of publication, distribution, etc. 2012.
300 ## - PHYSICAL DESCRIPTION
Extent 377 pages. ;
Dimensions 21 cm.
500 ## - GENERAL NOTE
General note Formerly CIP.
Institution to which field applies Uk
520 ## - SUMMARY, ETC.
Summary, etc. When ambitious Doctor Paul Clément takes a job at the mission hospital on Saint Sébastien, he has dreams of discovering cures for tropical diseases. What he finds is a place where the black arts are just a way of life. After witnessing the ritualistic murder of a young man, said to be one of the living dead, he is forbidden to speak of what he has seen.<br/>On returning to Paris, Clément’s attention turns to studying the nervous system and resuscitation. He is told of patients who have apparently died, been brought back to life, and whilst suspended between life and death, experience what they believe to be heaven. Clément attempts a daring experiment in order to confirm these extraordinary reports, but the outcome is wholly unexpected. Could it be that when he is resuscitated, he brings something back with him – an ancient evil, so powerful that it can never be destroyed? Is the good doctor slowly succumbing to madness, or has he really passed through the gates of hell?
655 #0 - INDEX TERM--GENRE/FORM
Genre/form data or focus term Thrillers (Fiction)
942 ## - ADDED ENTRY ELEMENTS (KOHA)
Source of classification or shelving scheme
Koha item type Books - Fiction
Holdings
Withdrawn status Lost status Source of classification or shelving scheme Damaged status Not for loan Collection code Permanent Location Current Location Shelving location Date acquired Total Checkouts Full call number Barcode Date last seen Date last checked out Price effective from Koha item type
          Fiction KH8 Senior School Library KH8 Senior School Library Fiction 2021-12-06 1 FIC TAL 3KHSL000101872 2025-06-03 2025-05-21 2021-12-06 Books - Fiction

Powered By KH8 IT Dept